000
00285nam a22001337a 4500
008
170717b xxu||||| |||| 00| 0 eng d
020
_a
9780195126525
041
_a
eng
080
_a
16
100
_a
24
101
_a
FIL
245
_a
SELF EXPRESSIONS
_c
FLANAGAN,O
942
_2
udc
_c
BK
999
_c
21248
_d
21248